| 000 | 00753nam a2200229 a 4500 | ||
|---|---|---|---|
| 001 | BRCA_1771 | ||
| 005 | 20190320203537.0 | ||
| 008 | 950323s1994 mx-a---##b---#000-0#spa-# | ||
| 020 | _a9686651942 | ||
| 040 |
_aDLC _cDLC |
||
| 050 | 4 |
_aR751 _b.P35 1994 |
|
| 245 | 1 | 0 |
_aEl Palacio de la Escuela de Medicina _cMartha Fernández ... [et al.]. |
| 260 |
_aMéxico _bUNAM _c1994 |
||
| 300 |
_a172 p. _bil. (algunas a color) _c32 cm. |
||
| 500 | _aColección Sonia Corcuera de Mancera | ||
| 504 | _aBibliografía: p. 171-172 | ||
| 610 | 2 | 4 |
_aUniversidad Nacional Autónoma de México _bEscuela de Medicina _95512 |
| 650 | 1 | 4 |
_aMedicina _xHistoria _zMéxico _95513 |
| 700 | 1 |
_aFernández, Martha _q(Fernández García) _95514 |
|
| 902 | _aDSC | ||
| 942 |
_2lcc _cB |
||
| 999 |
_c1553 _d1553 |
||